| 000 | 00383nam a2200133Ia 4500 | ||
|---|---|---|---|
| 008 | 201214s9999 xx 000 0 und d | ||
| 100 | _aGallie, Duncan | ||
| 245 | 0 | _aIn Search of The New Working Class : Automation and Social Integration Within The Capitalist Enterpr | |
| 260 | _aCambridge | ||
| 260 | _bCambridge University Press | ||
| 260 | _c1978 | ||
| 300 | _a348 | ||
| 942 | _cBK | ||
| 999 |
_c5896 _d5896 |
||